[Event "LXVI C.to Italiano"]
[Site "Cremona ITA"]
[Date "2006.12.01"]
[Round "9"]
[White "Scalcione, Michelangelo"]
[Black "Caruana, Fabiano"]
[Result "0-1"]
[WhiteElo "2325"]
[BlackElo "2474"]
[PlyCount "71"]
[EventDate "2006.11.22"]

1.Nf3 Nf6 2.c4 Nc6 3.d4 e6 4.a3 d6 5.Nc3 g6 6.e4 Bg7 7.Be2 O-O 8.O-O Re8 
9.Bg5 h6 10.Bh4 g5 11.Bg3 Nh5 12.d5 Ne7 13.Nd4 Nf4 14.Bxf4 gxf4 15.dxe6 
fxe6 16.Bg4 Nc6 17.Nxc6 bxc6 18.Qd2 Rf8 19.Rad1 Qg5 20.Bf3 Be5 21.Ne2 Kh8 
22.Qa5 Rf7 23.Rd2 Rg7 24.Nc1 Qh4 25.Nd3 Bd4 26.e5 Bd7 27.Re1 Rag8 28.Re4 
Qh3 29.Kf1 Rxg2 30.Ke2 Rg1 31.Rc2 c5 32.Qxc7 Ba4 33.Rc1 Rd1 34.Rxd1 Bxd1+ 
35.Kd2 Qxf3 36.Qc6 0-1

[Event "LXVI C.to Italiano"]
[Site "Cremona ITA"]
[Date "2006.12.02"]
[Round "10"]
[White "Borgo, Giulio"]
[Black "Brunello, Sabino"]
[Result "1/2-1/2"]
[WhiteElo "2420"]
[BlackElo "2460"]
[PlyCount "62"]
[EventDate "2006.11.22"]

1.c4 Nf6 2.Nc3 e6 3.e4 d5 4.e5 d4 5.exf6 dxc3 6.bxc3 Qxf6 7.d4 c5 8.Nf3 
cxd4 9.cxd4 Bb4+ 10.Bd2 Bxd2+ 11.Qxd2 Nc6 12.Be2 O-O 13.Qe3 Rd8 14.Rd1 b6 
15.O-O Bb7 16.Rd2 Ne7 17.Ne5 Nf5 18.Qc3 Rac8 19.Rfd1 Qg5 20.Bf3 Bxf3 21.
Nxf3 Qf4 22.Qb3 Qc7 23.Rc1 e5 24.dxe5 Rxd2 25.Nxd2 Qxe5 26.Nf3 Qf4 27.Rc3 
g6 28.g3 Qe4 29.c5 Rxc5 30.Rxc5 bxc5 31.Qxf7+ Kxf7 1/2-1/2

[Event "LXVI C.to Italiano"]
[Site "Cremona ITA"]
[Date "2006.12.02"]
[Round "10"]
[White "Caruana, Fabiano"]
[Black "Garcia Palermo, Carlos Horacio"]
[Result "1-0"]
[WhiteElo "2474"]
[BlackElo "2452"]
[PlyCount "75"]
[EventDate "2006.11.22"]

1.e4 c6 2.d4 d5 3.e5 Bf5 4.c4 e6 5.Nc3 Ne7 6.a3 dxc4 7.Bxc4 Nd7 8.Nge2 Nb6
9.Bb3 Nbd5 10.O-O Bg6 11.Ng3 Qd7 12.Qe2 h5 13.Bg5 Nf5 14.Nxf5 Bxf5 15.Nxd5
exd5 16.Bc2 Be7 17.Bxe7 Kxe7 18.Qd2 Bxc2 19.Qxc2 f5 20.Rae1 Ke6 21.f4 h4 
22.Re3 a5 23.Kh1 Rh6 24.Rg1 g6 25.b4 axb4 26.axb4 Rhh8 27.g4 Rhg8 28.Rc3 
fxg4 29.b5 cxb5 30.f5+ gxf5 31.Qc1 f4 32.Rc7 Ra1 33.Rxd7 Rxc1 34.Rd6+ Kf5 
35.Rxc1 g3 36.hxg3 hxg3 37.Rf6+ Kg4 38.Rf1 1-0

[Event "LXVI C.to Italiano"]
[Site "Cremona ITA"]
[Date "2006.12.02"]
[Round "10"]
[White "Manca, Federico"]
[Black "Piscopo, Pierluigi"]
[Result "1/2-1/2"]
[WhiteElo "2425"]
[BlackElo "2380"]
[PlyCount "126"]
[EventDate "2006.11.22"]

1.e4 c5 2.Nf3 e6 3.c3 d5 4.exd5 exd5 5.d4 Nc6 6.Bb5 Bd6 7.dxc5 Bxc5 8.O-O 
Ne7 9.Nbd2 O-O 10.Nb3 Bb6 11.Bd3 Nf5 12.Re1 Qd6 13.Bc2 Rd8 14.Qd3 g6 15.
Qd2 Bc7 16.Bxf5 Bxf5 17.Qh6 Re8 18.Be3 f6 19.Nbd4 Bd3 20.Rad1 Ba6 21.Nxc6 
bxc6 22.b4 Re4 23.Bc5 Qe6 24.Bd4 Qf7 25.Bxf6 Qf8 26.Qxf8+ Rxf8 27.Rxe4 
dxe4 28.Be5 Bb6 29.Nd4 Re8 30.Bf4 c5 31.Nb3 cxb4 32.cxb4 Bc4 33.Be3 Ra8 
34.Rc1 Bd5 35.Rd1 Bc4 36.h3 Bd3 37.Nc5 Bxc5 38.Bxc5 a5 39.a3 axb4 40.axb4 
Ra2 41.Kh2 Kf7 42.Kg3 g5 43.Rc1 Rb2 44.Ra1 Kg6 45.Ra8 Bc4 46.Rb8 Rb3+ 47.
Be3 Kf5 48.Rb7 h5 49.Rb8 Be2 50.Kh2 Rb1 51.Rf8+ Kg6 52.Bc5 Bc4 53.Rd8 Rb2 
54.Rd4 Bd3 55.Rd6+ Kf7 56.Rb6 Bf1 57.Bd4 Rd2 58.Be3 Rd5 59.Rc6 Bb5 60.Rc5 
Rxc5 61.Bxc5 Ke6 62.Kg3 Kf5 63.h4 g4 1/2-1/2

[Event "LXVI C.to Italiano"]
[Site "Cremona ITA"]
[Date "2006.12.03"]
[Round "11"]
[White "Contin, Daniel"]
[Black "Manca, Federico"]
[Result "1/2-1/2"]
[WhiteElo "2386"]
[BlackElo "2425"]
[PlyCount "30"]
[EventDate "2006.11.22"]

1.c4 e6 2.Nf3 d5 3.g3 Nf6 4.Bg2 c5 5.O-O Nc6 6.b3 Be7 7.Bb2 O-O 8.e3 b6 9.
Qe2 Bb7 10.Rd1 Qc7 11.Nc3 Rad8 12.cxd5 exd5 13.d4 Ne4 14.dxc5 Nxc3 15.Bxc3
bxc5 1/2-1/2

[Event "LXVI C.to Italiano"]
[Site "Cremona ITA"]
[Date "2006.12.03"]
[Round "11"]
[White "Garcia Palermo, Carlos Horacio"]
[Black "Bruno, Fabio"]
[Result "1/2-1/2"]
[WhiteElo "2452"]
[BlackElo "2408"]
[PlyCount "37"]
[EventDate "2006.11.22"]

1.d4 d5 2.c4 e6 3.Nc3 Nf6 4.cxd5 exd5 5.Bg5 c6 6.e3 Be7 7.Nf3 Nbd7 8.Bd3 
O-O 9.Qc2 Re8 10.O-O Nf8 11.h3 g6 12.Bf4 Ne6 13.Bh2 Ng7 14.Rab1 a5 15.a3 
Bf5 16.Bxf5 Nxf5 17.b4 axb4 18.axb4 b5 19.Ne5 1/2-1/2

[Event "LXVI C.to Italiano"]
[Site "Cremona ITA"]
[Date "2006.12.03"]
[Round "11"]
[White "Vocaturo, Daniele"]
[Black "Caruana, Fabiano"]
[Result "1/2-1/2"]
[WhiteElo "2441"]
[BlackElo "2474"]
[PlyCount "120"]
[EventDate "2006.11.22"]

1.e4 e6 2.d4 d5 3.Nc3 Bb4 4.e5 c5 5.a3 Bxc3+ 6.bxc3 Ne7 7.h4 Nbc6 8.h5 Qa5
9.Bd2 cxd4 10.cxd4 Qa4 11.Nf3 Nxd4 12.Bd3 Nec6 13.Kf1 Nf5 14.h6 gxh6 15.
Bxf5 exf5 16.Bxh6 Be6 17.Bg5 h6 18.Kg1 d4 19.Bf6 Rg8 20.Rxh6 Kd7 21.Ng5 
Qc4 22.Rb1 Kc7 23.Qd3 Bd5 24.Qxf5 Rae8 25.e6 fxe6 26.Qh7+ Kd6 27.Ne4+ Bxe4
28.Qxe4 Qd5 29.Qxd5+ Kxd5 30.Rxb7 Kd6 31.Rhh7 Rg6 32.Rhd7+ Kc5 33.Be7+ 
Rxe7 34.Rxe7 Nxe7 35.Rxe7 a5 36.Kf1 Kd6 37.Ra7 Rg5 38.Ra6+ Kd7 39.Ke2 Rxg2
40.Rxa5 Kd6 41.Rb5 Rg1 42.f4 Rg3 43.a4 Rc3 44.Kd2 Rf3 45.a5 Rxf4 46.a6 Rf8
47.a7 Ra8 48.Ra5 Kc6 49.Ra6+ Kb5 50.Rxe6 Rxa7 51.Kd3 Rd7 52.Re5+ Kb6 53.
Rh5 Rd8 54.Ke4 Rc8 55.Rh2 Kc5 56.Kd3 Rd8 57.Rh1 Rg8 58.Rh5+ Kb4 59.Rd5 
Rg3+ 60.Kxd4 Rc3 1/2-1/2

[Event "VI Open Hotel Petra A"]
[Site "Roma ITA"]
[Date "2006.11.26"]
[Round "4"]
[White "Micaloni, Mario"]
[Black "Vuelban, Virgilio"]
[Result "0-1"]
[WhiteElo "2099"]
[BlackElo "2341"]
[PlyCount "62"]
[EventDate "2006.11.24"]

1. e4 c5 2. Nf3 Nc6 3. d4 cxd4 4. Nxd4 Qb6 5. c3 Nf6 6. Qd3 e6 7. Nxc6 bxc6 8.
Be2 a5 9. O-O Ba6 10. Qc2 d5 11. Be3 Bc5 12. Bxc5 Qxc5 13. Bxa6 Rxa6 14. Nd2
O-O 15. e5 Nd7 16. Qd3 Rb6 17. Nb3 Qb5 18. Qxb5 Rxb5 19. Nd4 Rb6 20. f4 c5 21.
Nb3 a4 22. Na5 Rxb2 23. c4 d4 24. Nc6 Rb6 25. Ne7+ Kh8 26. g4 Re8 27. Nd5 exd5
28. cxd5 g5 29. h4 gxf4 30. Rxf4 Nxe5 31. g5 d3 0-1

[Event "XIV Weekend Citta' di Firenze A"]
[Site "Firenze ITA"]
[Date "2006.12.02"]
[Round "1"]
[White "Bardi, Giuliano"]
[Black "Bini, Lorenzo"]
[Result "0-1"]
[WhiteElo "1872"]
[BlackElo "2028"]
[PlyCount "76"]
[EventDate "2006.12.02"]

1. e4 b6 2. d4 Bb7 3. Bd3 Nf6 4. Qe2 e6 5. Nf3 d5 6. e5 Nfd7 7. Bg5 Be7 8. Bxe7
Qxe7 9. O-O a5 10. c3 Ba6 11. Na3 Bxd3 12. Qxd3 c6 13. c4 Na6 14. Nc2 O-O 15.
cxd5 cxd5 16. a3 Rfb8 17. Rfc1 b5 18. Ne3 Nb6 19. b3 a4 20. b4 Nc4 21. Nxc4
dxc4 22. Qe4 Nc7 23. Ne1 Nd5 24. Nc2 Qg5 25. g3 Rd8 26. f4 Qg4 27. Kg2 Ra7 28.
h3 Qh5 29. g4 Qh6 30. Rf1 Rad7 31. Rf3 Qg6 32. Qe2 h5 33. Kg3 Ne7 34. Kh2 hxg4
35. Rg3 Nd5 36. hxg4 Qh6+ 37. Rh3 Qxh3+ 38. Kxh3 Nxf4+ 0-1

[Event "XIV Weekend Citta' di Firenze A"]
[Site "Firenze ITA"]
[Date "2006.12.02"]
[Round "1"]
[White "Casarosa, Michele"]
[Black "Salerni, Guido"]
[Result "1-0"]
[WhiteElo "1981"]
[BlackElo "1870"]
[PlyCount "137"]
[EventDate "2006.12.02"]

1. e4 d6 2. d4 Nf6 3. Nc3 g6 4. Nf3 Bg7 5. Be2 O-O 6. O-O c6 7. a4 a5 8. Bf4
Na6 9. Qd2 Bg4 10. h3 Bxf3 11. Bxf3 Nb4 12. Na2 Na6 13. Rfe1 Nc7 14. c4 Nd7 15.
Bh6 e5 16. Bxg7 Kxg7 17. Rad1 Nf6 18. c5 dxc5 19. dxe5 Ng8 20. Qc3 Qe7 21. e6+
Qf6 22. Rd7 Qxc3 23. Nxc3 Nxe6 24. Rxb7 Nd4 25. e5 Nxf3+ 26. gxf3 Rfe8 27. Re4
Rab8 28. Rxb8 Rxb8 29. Rc4 Rxb2 30. Rxc5 Rc2 31. Ne4 Rxc5 32. Nxc5 g5 33. Nb3
Ne7 34. Nxa5 Kg6 35. Nc4 Kf5 36. Kf1 c5 37. a5 Nc6 38. Ke2 Ke6 39. a6 Kd5 40.
Nb6+ Kxe5 41. Nc8 c4 42. a7 Nxa7 43. Nxa7 c3 44. Nc6+ Kd5 45. Nb4+ Kc4 46. Nc2
Kb3 47. Kd3 Kb2 48. f4 gxf4 49. f3 h6 50. h4 Kb3 51. h5 f6 52. Nd4+ Kb4 53. Kc2
Kc4 54. Nf5 Kd5 55. Nxh6 Ke6 56. Kxc3 f5 57. Kd4 Kf6 58. Ng8+ Kg7 59. Ne7 Kh6
60. Ke5 Kxh5 61. Kxf5 Kh6 62. Kxf4 Kg7 63. Kf5 Kf7 64. Nd5 Kf8 65. Kg6 Kg8 66.
f4 Kf8 67. f5 Kg8 68. Nc7 Kf8 69. f6 1-0

[Event "XIV Weekend Citta' di Firenze A"]
[Site "Firenze ITA"]
[Date "2006.12.02"]
[Round "1"]
[White "Cassai, Mario"]
[Black "Pitimada, Mirko"]
[Result "1/2-1/2"]
[WhiteElo "1853"]
[BlackElo "1954"]
[PlyCount "75"]
[EventDate "2006.12.02"]

1. d4 Nf6 2. Nf3 e6 3. c4 Nc6 4. Nc3 Bb4 5. Qc2 d6 6. e3 Qe7 7. a3 Bxc3+ 8.
Qxc3 O-O 9. b4 e5 10. d5 Nb8 11. Qc2 Bg4 12. Be2 Nbd7 13. e4 Bh5 14. Nh4 Bg6
15. Nxg6 fxg6 16. Be3 Nh5 17. Bxh5 gxh5 18. O-O Nf6 19. Bg5 h6 20. Bxf6 Qxf6
21. c5 Rf7 22. Rac1 h4 23. Qe2 Qg5 24. Rc3 Raf8 25. Qe3 Qg4 26. f3 Qh5 27. h3
a6 28. cxd6 cxd6 29. Rfc1 Qg6 30. Rc8 Kh7 31. Rxf8 Rxf8 32. Qf2 Rf7 33. Rc3 Qf6
34. Qb6 h5 35. Rc7 Rxc7 36. Qxc7 Qf4 37. Qxd6 Qc1+ 38. Kh2 1/2-1/2

[Event "XIV Weekend Citta' di Firenze A"]
[Site "Firenze ITA"]
[Date "2006.12.02"]
[Round "1"]
[White "Garofalo, Simone"]
[Black "Frugoli, Francesco"]
[Result "1-0"]
[WhiteElo "1878"]
[BlackElo "2143"]
[PlyCount "117"]
[EventDate "2006.12.02"]

1. e4 c5 2. Nf3 e6 3. Nc3 a6 4. d4 cxd4 5. Nxd4 Qc7 6. Bd3 Nc6 7. Be3 Nf6 8.
O-O d6 9. Kh1 b5 10. a4 b4 11. Na2 Rb8 12. Nxc6 Qxc6 13. f3 Be7 14. a5 O-O 15.
Ba7 Ra8 16. Nxb4 Qb7 17. Bb6 d5 18. Qe1 Nd7 19. exd5 Nxb6 20. axb6 Qxb6 21. Nc6
Bf6 22. Qe4 g6 23. Qf4 Bg7 24. Ne7+ Kh8 25. Nxc8 Rfxc8 26. Qxf7 exd5 27. Qxd5
Qxb2 28. Rxa6 Rxa6 29. Bxa6 Re8 30. Bd3 Qf6 31. Be4 Rd8 32. Qc6 Qh4 33. Qe6 Qf4
34. Qh3 Qf7 35. Bd3 Qf6 36. Re1 Rb8 37. Qg3 Ra8 38. Qg4 Qc3 39. Qe4 Rb8 40. h4
Rf8 41. h5 Qa5 42. g4 Qg5 43. Kg2 Bc3 44. Re2 Bf6 45. hxg6 h5 46. g7+ Qxg7 47.
Qg6 h4 48. Qh5+ Kg8 49. Bc4+ Rf7 50. Bxf7+ Qxf7 51. Qxf7+ Kxf7 52. c4 Bd4 53.
Kh3 Kf6 54. Kxh4 Bc5 55. Kh5 Bf8 56. f4 Bc5 57. Re5 Bd6 58. Rd5 Bf8 59. Rf5+
1-0

[Event "XIV Weekend Citta' di Firenze A"]
[Site "Firenze ITA"]
[Date "2006.12.02"]
[Round "1"]
[White "Gazzarri, Alberto"]
[Black "Codacci, Jose'"]
[Result "1-0"]
[WhiteElo "2108"]
[BlackElo "1874"]
[PlyCount "43"]
[EventDate "2006.12.02"]

1. e4 c5 2. c3 Nf6 3. e5 Nd5 4. d4 cxd4 5. cxd4 e6 6. Nc3 Nxc3 7. bxc3 d6 8. f4
dxe5 9. fxe5 Qh4+ 10. g3 Qe4+ 11. Kf2 Qxh1 12. Nf3 Bd7 13. Qb3 Bc6 14. Bg2 Bxf3
15. Kxf3 Qe1 16. Rb1 Nc6 17. Bg5 Nxd4+ 18. cxd4 Qa5 19. Qxb7 Qc3+ 20. Kg4 f5+
21. exf6 Rc8 22. f7# 1-0

[Event "XIV Weekend Citta' di Firenze A"]
[Site "Firenze ITA"]
[Date "2006.12.02"]
[Round "1"]
[White "Peparini, Paolo"]
[Black "Innocenti, Luca"]
[Result "0-1"]
[WhiteElo "1692"]
[BlackElo "1909"]
[PlyCount "86"]
[EventDate "2006.12.02"]

1. e4 c6 2. d4 d5 3. Bd3 dxe4 4. Bxe4 Nf6 5. Nc3 Nxe4 6. Nxe4 Bf5 7. Ng3 Bg6 8.
Nf3 Nd7 9. O-O e6 10. Bf4 Be7 11. Re1 O-O 12. a3 Qb6 13. b3 Rfd8 14. Qe2 h6 15.
b4 a5 16. c3 Qa6 17. Qxa6 Rxa6 18. bxa5 Nf6 19. Ne5 Bh7 20. Nc4 Nd5 21. Bd2 c5
22. Ne3 Nxc3 23. Bxc3 cxd4 24. Bb4 Bxb4 25. axb4 dxe3 26. Rxe3 Rad6 27. f3 Rd2
28. Ne4 Rb2 29. Rc1 Rxb4 30. Rec3 Bxe4 31. fxe4 Rxe4 32. Rc7 Rd2 33. Rxb7 Ree2
34. Rc8+ Kh7 35. a6 Rxg2+ 36. Kh1 Rge2 37. Rc1 Rxh2+ 38. Kg1 h5 39. Rxf7 h4 40.
a7 Rdg2+ 41. Kf1 h3 42. Rf2 Rxf2+ 43. Ke1 Rfg2 0-1

[Event "XIV Weekend Citta' di Firenze A"]
[Site "Firenze ITA"]
[Date "2006.12.02"]
[Round "1"]
[White "Tocchioni, Doriano"]
[Black "Tocchioni, Maurizio"]
[Result "1-0"]
[WhiteElo "2238"]
[BlackElo "1891"]
[PlyCount "45"]
[EventDate "2006.12.02"]

1. Nf3 Nf6 2. g3 d5 3. Bg2 e6 4. O-O c6 5. d4 Be7 6. c4 O-O 7. Nc3 Qa5 8. Bd2
Qa6 9. c5 b6 10. b4 Qa3 11. Rb1 Ne4 12. Nxe4 dxe4 13. Ne5 f6 14. Nc4 Qxa2 15.
Ne3 f5 16. Bc3 Qa6 17. f3 e5 18. fxe4 f4 19. gxf4 exf4 20. Nf5 Rxf5 21. exf5
Bxf5 22. Qb3+ Kh8 23. Qf7 1-0

[Event "XIV Weekend Citta' di Firenze A"]
[Site "Firenze ITA"]
[Date "2006.12.03"]
[Round "2"]
[White "Bini, Lorenzo"]
[Black "Gazzarri, Alberto"]
[Result "1-0"]
[WhiteElo "2028"]
[BlackElo "2108"]
[PlyCount "45"]
[EventDate "2006.12.02"]

1. f4 e5 2. d3 exf4 3. Bxf4 d5 4. Nc3 Nf6 5. e3 Bd6 6. Qf3 Bg4 7. Qg3 Bxf4 8.
Qxf4 O-O 9. h3 Be6 10. g4 c5 11. Nge2 Nc6 12. Bg2 d4 13. g5 Nh5 14. Qh4 dxc3
15. Qxh5 cxb2 16. Rb1 Qa5+ 17. c3 g6 18. Qh6 Ne5 19. O-O Nxd3 20. Be4 c4 21.
Ng3 Qb6 22. Rf3 f5 23. gxf6 1-0

[Event "XIV Weekend Citta' di Firenze A"]
[Site "Firenze ITA"]
[Date "2006.12.03"]
[Round "2"]
[White "Codacci, Jose'"]
[Black "Tocchioni, Maurizio"]
[Result "0-1"]
[WhiteElo "1874"]
[BlackElo "1891"]
[PlyCount "60"]
[EventDate "2006.12.02"]

1. e4 c6 2. d4 d5 3. Nc3 dxe4 4. Nxe4 Bf5 5. Ng3 Bg6 6. h4 h6 7. h5 Bh7 8. Nf3
Nd7 9. Bd3 Bxd3 10. Qxd3 Qc7 11. Bd2 e6 12. O-O-O Ngf6 13. Rhe1 O-O-O 14. Qf1
Bd6 15. Ne4 Bf4 16. Nxf6 Bxd2+ 17. Rxd2 Nxf6 18. Re5 Qe7 19. Qc4 Nd7 20. Ra5
Kb8 21. Qe2 Rhe8 22. c3 f6 23. Nh4 Nb6 24. Rd3 Qc7 25. Kc2 Nd5 26. Rxd5 Rxd5
27. Re3 e5 28. Qg4 Qd7 29. Qg6 Rc8 30. Nf5 c5 0-1

[Event "XIV Weekend Citta' di Firenze A"]
[Site "Firenze ITA"]
[Date "2006.12.03"]
[Round "2"]
[White "Garofalo, Simone"]
[Black "Casarosa, Michele"]
[Result "0-1"]
[WhiteElo "1878"]
[BlackElo "1981"]
[PlyCount "86"]
[EventDate "2006.12.02"]

1. e4 c5 2. Nf3 Nc6 3. d4 cxd4 4. Nxd4 Nf6 5. Nc3 e5 6. Ndb5 d6 7. Bg5 a6 8.
Na3 b5 9. Bxf6 gxf6 10. Nd5 Bg7 11. c3 f5 12. exf5 Bxf5 13. Nc2 O-O 14. Nce3
Bg6 15. a4 Rb8 16. axb5 axb5 17. Ra6 Ne7 18. Nxe7+ Qxe7 19. Rxd6 Rfd8 20. Rxd8+
Rxd8 21. Qc1 Bh6 22. Bxb5 Qb7 23. Be2 Qxg2 24. Nxg2 Bxc1 25. O-O Bxb2 26. c4
Rd2 27. Re1 Bd4 28. Kf1 Bd3 29. Ne3 Rxe2 30. Rxe2 Bxe3 31. fxe3 Bxc4 32. Kf2
Bxe2 33. Kxe2 Kg7 34. Kf3 f5 35. Kg3 Kf6 36. Kh4 Kg6 37. Kh3 Kg5 38. Kg3 h6 39.
h3 h5 40. h4+ Kf6 41. Kf3 Ke6 42. Kg3 Kd5 43. Kf3 Kc4 0-1

[Event "XIV Weekend Citta' di Firenze A"]
[Site "Firenze ITA"]
[Date "2006.12.03"]
[Round "2"]
[White "Innocenti, Luca"]
[Black "Tocchioni, Doriano"]
[Result "0-1"]
[WhiteElo "1909"]
[BlackElo "2238"]
[PlyCount "118"]
[EventDate "2006.12.02"]

1. c4 c5 2. Nc3 Nc6 3. Nf3 g6 4. e3 Bg7 5. d4 b6 6. d5 Na5 7. d6 Bxc3+ 8. bxc3
exd6 9. Bd3 Nf6 10. O-O O-O 11. e4 Ng4 12. h3 Ne5 13. Nxe5 dxe5 14. f4 exf4 15.
Bxf4 d6 16. Qd2 Be6 17. Bh6 Nxc4 18. Bxc4 Bxc4 19. Rf3 Qe7 20. Qf4 Qe5 21. Qh4
Rfe8 22. Bg5 Re6 23. Bf6 Qxe4 24. Qh6 Rxf6 25. Rxf6 Be6 26. Raf1 Re8 27. h4
Bxa2 28. R1f3 Qe1+ 29. Kh2 Qe5+ 30. Kg1 Bd5 31. R3f4 Be6 32. h5 Qxh5 33. Qxh5
gxh5 34. Rh6 a5 35. Rxh5 b5 36. Rfh4 b4 37. cxb4 axb4 38. Rxh7 Kf8 39. Rh8+ Ke7
40. Rxe8+ Kxe8 41. Rh8+ Kd7 42. Kf2 Kc6 43. Ke3 Kb5 44. Kd3 Bf5+ 45. Kd2 d5 46.
Rd8 d4 47. Rd5 Be4 48. Rd7 Bxg2 49. Rxf7 Bd5 50. Rf5 Kc4 51. Rf8 b3 52. Rb8 Bc6
53. Rb6 Bb5 54. Rb8 Kb4 55. Kc1 c4 56. Rd8 Kc3 57. Rb8 Bc6 58. Rb6 Be4 59. Rb8
d3 0-1

[Event "XIV Weekend Citta' di Firenze A"]
[Site "Firenze ITA"]
[Date "2006.12.03"]
[Round "2"]
[White "Moncada, Cesar"]
[Black "Cassai, Mario"]
[Result "0-1"]
[WhiteElo "1849"]
[BlackElo "1853"]
[PlyCount "90"]
[EventDate "2006.12.02"]

1. e4 c5 2. Nf3 Nc6 3. Nc3 g6 4. g3 Bg7 5. Bg2 d6 6. O-O e6 7. Ne2 Nge7 8. c3
O-O 9. d4 cxd4 10. Nexd4 d5 11. exd5 Nxd4 12. Nxd4 Nxd5 13. Nf3 Qb6 14. Qc2 Bd7
15. Bg5 Bc6 16. Rad1 h6 17. Bc1 Nf6 18. Be3 Qc7 19. Qc1 Kh7 20. Rd4 Nd5 21.
Bxh6 Bxd4 22. Ng5+ Kg8 23. Bxf8 Bxf2+ 24. Rxf2 Rxf8 25. c4 Ne7 26. Qf1 Bxg2 27.
Qxg2 Qxc4 28. h4 Qd5 29. Qf1 Nf5 30. Kh2 Qe5 31. Qh3 Qe3 32. Qg2 Nd4 33. Nh3 b5
34. Nf4 Rc8 35. Nh3 Nf5 36. Re2 Qd4 37. Rd2 Qg4 38. Nf2 Qc4 39. Qb7 Rc7 40.
Rd8+ Kg7 41. Qa8 Qc2 42. Rg8+ Kf6 43. Qd8+ Re7 44. Kg2 Ne3+ 45. Kh3 Qf5+ 0-1

[Event "XIV Weekend Citta' di Firenze A"]
[Site "Firenze ITA"]
[Date "2006.12.03"]
[Round "2"]
[White "Pitimada, Mirko"]
[Black "Malescusi, Luciano"]
[Result "1-0"]
[WhiteElo "1954"]
[BlackElo "1953"]
[PlyCount "75"]
[EventDate "2006.12.02"]

1. e4 c5 2. Nc3 Nc6 3. f4 e6 4. Nf3 d5 5. exd5 exd5 6. Bb5 a6 7. Bxc6+ bxc6 8.
Ne5 Nf6 9. Nxc6 Qd6 10. Qe2+ Be6 11. Ne5 Be7 12. O-O O-O 13. d3 Rfe8 14. Bd2
Bc8 15. Nd1 d4 16. Nf2 Bb7 17. Nfg4 Nxg4 18. Qxg4 Bf6 19. Qd7 Qe7 20. Qxe7 Rxe7
21. Nc4 Re6 22. Rae1 Rae8 23. Nd6 Rxe1 24. Rxe1 Rxe1+ 25. Bxe1 Bd5 26. b3 Bd8
27. g3 g6 28. Nc4 Kg7 29. Ba5 Be7 30. Bc7 Bf3 31. Kf2 Bd1 32. Ke1 Bxc2 33. Kd2
Bb1 34. a4 g5 35. Na3 Ba2 36. Kc2 gxf4 37. Bxf4 c4 38. Nxc4 1-0

[Event "XIV Weekend Citta' di Firenze A"]
[Site "Firenze ITA"]
[Date "2006.12.03"]
[Round "2"]
[White "Salerni, Guido"]
[Black "Bardi, Giuliano"]
[Result "1-0"]
[WhiteElo "1870"]
[BlackElo "1872"]
[PlyCount "63"]
[EventDate "2006.12.02"]

1. Nf3 d6 2. g3 e5 3. d3 f5 4. Nbd2 Nf6 5. e4 Be7 6. Bg2 Nc6 7. c3 O-O 8. exf5
Bxf5 9. Qb3+ Kh8 10. Qxb7 Qd7 11. Nh4 Na5 12. Qa6 Ng4 13. Nxf5 Qxf5 14. O-O
Nxf2 15. Qxa5 Nh3+ 16. Bxh3 Qxh3 17. Qd5 Bg5 18. Qg2 Be3+ 19. Kh1 Qd7 20. Nc4
Bc5 21. Be3 Bxe3 22. Nxe3 c6 23. Rxf8+ Rxf8 24. Rf1 Rxf1+ 25. Qxf1 Kg8 26. Qf5
Qb7 27. Qe6+ Kf8 28. Qxd6+ Kf7 29. b3 Qa6 30. a4 Qb6 31. Qxe5 Qxb3 32. Qf4+ 1-0

[Event "XIV Weekend Citta' di Firenze A"]
[Site "Firenze ITA"]
[Date "2006.12.03"]
[Round "3"]
[White "Bardi, Giuliano"]
[Black "Codacci, Jose'"]
[Result "1-0"]
[WhiteElo "1872"]
[BlackElo "1874"]
[PlyCount "59"]
[EventDate "2006.12.02"]

1. e4 c5 2. Nc3 Nc6 3. f4 e6 4. Nf3 g6 5. Bc4 Bg7 6. d3 Nge7 7. O-O d5 8. Bb3
O-O 9. Qe1 a6 10. Bd2 b5 11. a3 Bb7 12. Qh4 Nd4 13. f5 exf5 14. Bh6 Nxf3+ 15.
Rxf3 fxe4 16. dxe4 dxe4 17. Rd1 Bd4+ 18. Kh1 Nf5 19. Qxd8 Rfxd8 20. Rh3 Bg7 21.
Bxg7 Kxg7 22. Kg1 c4 23. Ba2 e3 24. Re1 Rd2 25. g4 Rg2+ 26. Kf1 Rxg4 27. Rhxe3
Nxe3+ 28. Rxe3 Re4 29. Nxe4 Bxe4 30. Rxe4 1-0

[Event "XIV Weekend Citta' di Firenze A"]
[Site "Firenze ITA"]
[Date "2006.12.03"]
[Round "3"]
[White "Frugoli, Francesco"]
[Black "Moncada, Cesar"]
[Result "1-0"]
[WhiteElo "2143"]
[BlackElo "1849"]
[PlyCount "137"]
[EventDate "2006.12.02"]

1. d4 e6 2. Nf3 g6 3. e4 Bg7 4. Nc3 c6 5. Be2 Ne7 6. O-O d5 7. Bf4 a6 8. Qd2
Nd7 9. a4 O-O 10. Rfe1 dxe4 11. Nxe4 Nf5 12. Bf1 Nf6 13. Rad1 Nxe4 14. Rxe4 b5
15. Ne5 Bb7 16. Ree1 Rc8 17. Qb4 Ne7 18. c4 a5 19. Qb3 b4 20. Be3 Nf5 21. c5
Nxe3 22. Rxe3 Bxe5 23. Rxe5 Qf6 24. Bc4 Rcd8 25. Qe3 Rfe8 26. f4 Rd7 27. g4
Rde7 28. Re1 Bc8 29. Kh1 Kh8 30. Kg1 Qg7 31. Qf2 f6 32. R5e2 e5 33. dxe5 Bxg4
34. Re3 f5 35. Rd3 Rd7 36. Rd6 g5 37. Qd4 Rde7 38. e6 gxf4 39. Qxg7+ Kxg7 40.
Rxc6 Kf6 41. Kf2 Rd8 42. Rd6 Rc8 43. c6 f3 44. Bd5 f4 45. Bxf3 Bxe6 46. Bd5
Rce8 47. c7 Rxc7 48. Rdxe6+ Rxe6 49. Rxe6+ Kf5 50. Re2 h5 51. Kf3 Rc1 52. Be6+
Kg5 53. Bd7 Rd1 54. Bb5 Rd6 55. Rg2+ Kf5 56. h4 Rd4 57. Rg5+ Kf6 58. Rxh5 b3
59. Ke2 f3+ 60. Kxf3 Rd2 61. Bc4 Rxb2 62. Rb5 Rh2 63. Kg3 Rh1 64. Bxb3 Rg1+ 65.
Kf4 Rf1+ 66. Ke4 Rh1 67. h5 Rh4+ 68. Kd3 Kg7 69. Rxa5 1-0

[Event "XIV Weekend Citta' di Firenze A"]
[Site "Firenze ITA"]
[Date "2006.12.03"]
[Round "3"]
[White "Gazzarri, Alberto"]
[Black "Garofalo, Simone"]
[Result "1-0"]
[WhiteElo "2108"]
[BlackElo "1878"]
[PlyCount "71"]
[EventDate "2006.12.02"]

1. e4 e6 2. d4 d5 3. e5 c5 4. c3 Qb6 5. Nf3 Nc6 6. Be2 Nh6 7. Bxh6 gxh6 8. Qd2
Bg7 9. Na3 cxd4 10. cxd4 O-O 11. O-O f6 12. exf6 Rxf6 13. Nc2 a5 14. Ne3 h5 15.
Rad1 Bd7 16. Nh4 Be8 17. f4 Rf8 18. Nf3 Bg6 19. Ne5 Nxe5 20. fxe5 Rxf1+ 21.
Rxf1 Bh6 22. Nxd5 exd5 23. Qxh6 Qxd4+ 24. Kh1 Qxe5 25. Bf3 Rd8 26. Qd2 b6 27.
Re1 Qd6 28. Qg5 d4 29. Bd5+ Kh8 30. Re6 Qf8 31. h3 Rc8 32. Re7 Rc1+ 33. Kh2
Qb8+ 34. g3 Rf1 35. Kg2 Rf8 36. Qh6 1-0

[Event "XIV Weekend Citta' di Firenze A"]
[Site "Firenze ITA"]
[Date "2006.12.03"]
[Round "3"]
[White "Malescusi, Luciano"]
[Black "Peparini, Paolo"]
[Result "1-0"]
[WhiteElo "1953"]
[BlackElo "1692"]
[PlyCount "79"]
[EventDate "2006.12.02"]

1. e4 e5 2. Nf3 Nf6 3. d4 Nxe4 4. Nxe5 d5 5. Bd3 Nd7 6. O-O Nxe5 7. dxe5 Be6 8.
Qe2 Nc5 9. Nc3 Nxd3 10. Qxd3 c6 11. f4 g6 12. Kh1 h5 13. f5 gxf5 14. Rxf5 Bxf5
15. Qxf5 Qd7 16. Qf6 Rg8 17. Qf2 O-O-O 18. Qxa7 Qc7 19. Bf4 Rg4 20. g3 h4 21.
Na4 Qb8 22. Nb6+ Kc7 23. Qa5 Rxf4 24. gxf4 Bh6 25. Nxd5+ Kc8 26. Nb6+ Kc7 27.
Nc4+ Kc8 28. Nd6+ Rxd6 29. exd6 Qxd6 30. Qf5+ Kb8 31. Qe5 Kc7 32. Qxd6+ Kxd6
33. Rd1+ Ke7 34. f5 Bg7 35. b3 Bc3 36. Rd3 Bf6 37. Kg2 c5 38. c4 Bd4 39. Kh3
Bf6 40. Rd5 1-0

[Event "XIV Weekend Citta' di Firenze A"]
[Site "Firenze ITA"]
[Date "2006.12.03"]
[Round "3"]
[White "Tocchioni, Doriano"]
[Black "Bini, Lorenzo"]
[Result "0-1"]
[WhiteElo "2238"]
[BlackElo "2028"]
[PlyCount "140"]
[EventDate "2006.12.02"]

1. d4 f5 2. Bg5 c6 3. e3 Qb6 4. Qc1 e6 5. Nf3 d5 6. Nbd2 Nd7 7. Be2 a5 8. c4 a4
9. O-O g6 10. Ne1 Nh6 11. c5 Qc7 12. Ndf3 Nf7 13. Bf4 Qd8 14. Nd3 Bg7 15. b4
O-O 16. h3 Re8 17. Rb1 Qe7 18. Nde5 Ndxe5 19. Nxe5 Nxe5 20. dxe5 Qc7 21. Qc3
Bd7 22. Bg3 b5 23. a3 Rf8 24. Qd4 g5 25. f4 h6 26. Be1 Be8 27. Bc3 Bg6 28. Qd1
Qe7 29. Rc1 Rad8 30. Bd4 Rb8 31. Kh2 Kh7 32. Rf2 Rg8 33. Qh1 Qe8 34. Kg1 Bf8
35. Kf1 Qe7 36. Ke1 gxf4 37. exf4 Qh4 38. Kd2 Bh5 39. Qd1 Bxe2 40. Qxe2 Rb7 41.
Rc3 Rbg7 42. Rcf3 Be7 43. Qf1 Rg3 44. Re2 Qh5 45. Rxg3 Rxg3 46. Re3 Qg6 47.
Rxg3 Qxg3 48. Qf3 Qxf3 49. gxf3 Bh4 50. Ke2 Bg3 51. Be3 Kg6 52. Kf1 Kh5 53. Kg2
Be1 54. Bd4 Bd2 55. Bb2 Kh4 56. Kh2 Bxf4+ 57. Kg2 Be3 58. Kh2 Kg5 59. Kg3 Bf4+
60. Kf2 Kh4 61. Kg2 Bd2 62. Kh2 h5 63. Kg2 Kg5 64. Kg3 Be1+ 65. Kg2 Kf4 66. Kf1
Bd2 67. Ke2 Be3 68. h4 d4 69. Kd3 Kxe5 70. Ke2 Kf4 0-1